000 00650nam a22002057a 4500
020 _a9780702073281
082 _a615.1
_bBRO
100 _aBrown, Morris. J.; Bennett, Peter. N.; Sharma, Pankaj; Mir, Fraz A,
_9113639
245 _aClinical Pharmacology /
_cMorris. J. Brown; Peter. N. Bennett; Pankaj Sharma; Fraz A, Mir
250 _a12th Edition.
260 _aEdinburgh :
_bElsevier,
_c2019.
300 _a706 p. ;
_bill,
_c27 cm.
563 _aPBK.
650 _aClinical pharmacology
_9113640
650 _aPharmacology
_9113344
650 _aChemotherapy
_993699
650 _aDrugs
650 _aTherapeutics
_9113459
942 _2ddc
_cBK
999 _c595275
_d595275